P. M. Bohúňtól Bartusz Györgyig Idő és összefüggések: A szlovák képzőművészet 150 éve

Bibliographic Details
Main Author: Orosz, Márta, 1954- (Author)
Format: Article
Language:Hungarian
Subjects:

MARC

LEADER 00000nab a2200000 a 4500
001 vtls000619502
003 SK-MaSNL
005 20260319075826.0
008 160322c1997 xo 0 hun
015 |a SNBRB19rr/mm-uuuuu 
035 |a CL0619641 
040 |a SNKBUCL  |b slo  |c SNKBUCL  |e AACR2 
041 0 |a hun 
044 |a xo  |c SK 
080 |a 73/76(437.6):061.4  |2 1981 
100 1 |a Orosz, Márta,  |d 1954-  |4 aut  |9 108945 
245 1 0 |a P. M. Bohúňtól Bartusz Györgyig  |b Idő és összefüggések: A szlovák képzőművészet 150 éve  |c Márta Orosz 
650 0 7 |a slovenské výtvarné umenie  |2 snkbucl  |9 68597 
651 7 |a 5100  |2 snkbucl  |9 166206 
655 7 |a články z novín a časopisov  |2 snkbucl  |9 267496 
773 0 |t Szabad újság  |g Roč. 5, č. 11 (1997), s. 10 
850 |a Slovenská národná knižnica v Martine  |a DSG001 
852 |a SNK  |b KIS3GCP 
958 |a HU 
958 |a SK 
958 |a BX 
958 |a RK 
958 |a RBX 
999 |c 1428937  |d 1430867